Ngữ văn 7

Những tác phẩm văn học dân gian như tục ngữ về thiên nhiên, con người, và những bài văn nghị luận. Ôn tập và kiểm tra Văn, tiếng việt, chương trình địa phương. Giúp các em có kiến thức nền tảng và học tập tốt hơn....

ver descrição completa

Na minha lista:
Detalhes bibliográficos
Autor principal: Nguyễn, Khắc Phi
Formato: Livro
Idioma:Undetermined
Publicado em: Hà Nội Giáo dục 2010
Assuntos:
Tags: Adicionar Tag
Sem tags, seja o primeiro a adicionar uma tag!
Thư viện lưu trữ: Trung tâm Học liệu Trường Đại học Cần Thơ
LEADER 00964nam a2200217Ia 4500
001 CTU_157987
008 210402s9999 xx 000 0 und d
020 |c 6600 
082 |a 495.9220712 
082 |b Ph300/T.2/L.7 
100 |a Nguyễn, Khắc Phi 
245 0 |a Ngữ văn 7 
245 0 |c Nguyễn Khắc Phi (Tổng chủ biên) 
260 |a Hà Nội 
260 |b Giáo dục 
260 |c 2010 
520 |a Những tác phẩm văn học dân gian như tục ngữ về thiên nhiên, con người, và những bài văn nghị luận. Ôn tập và kiểm tra Văn, tiếng việt, chương trình địa phương. Giúp các em có kiến thức nền tảng và học tập tốt hơn. 
650 |a Vietnamese language 
650 |x Study and teaching (Secondary) 
904 |i Phan Thị Kim Lan (Ngọc Mai) 
980 |a Trung tâm Học liệu Trường Đại học Cần Thơ